| 000 | 00616nam a2200169 i 4500 | ||
|---|---|---|---|
| 001 | 46595 | ||
| 003 | ES-MaACL | ||
| 005 | 20250830215917.0 | ||
| 007 | t| | ||
| 008 | 030331s1978 sp ||||1| spa d | ||
| 111 | 2 |
_aCongreso de Historia de los Estados Unidos _d(1976. _cLa Rábida) _9306 |
|
| 245 | 1 | 0 |
_aActas del Congreso de Historia de La Rábida _b: Universidad de La Rábida 5-9 julio de 1976. |
| 260 |
_a[Madrid : _bServicio de Publicaciones del Ministerio de Educacion y Ciencia, _c1978] |
||
| 300 |
_a302 p. : _bmap. pleg., il. ; _c24 cm. |
||
| 852 |
_aES-MaACL _jL-1788 _bR.97624 |
||
| 999 |
_c46595 _d46595 |
||